| 000 | 01386nam a2200349 a 4500 | ||
|---|---|---|---|
| 001 | ebr10235180 | ||
| 003 | CaPaEBR | ||
| 006 | m u | ||
| 007 | cr cn||||||||| | ||
| 008 | 080131s2008 caua sb 000 0 eng | ||
| 010 | _z 2008004736 | ||
| 020 | _z9780833042149 (pbk. : alk. paper) | ||
| 020 | _z0833042149 (pbk. : alk. paper) | ||
| 040 |
_aCaPaEBR _cCaPaEBR |
||
| 035 | _a(OCoLC)234316803 | ||
| 043 | _an-us--- | ||
| 050 | 1 | 4 |
_aU153 _b.D383 2008eb |
| 082 | 0 | 4 |
_a355.6/840973 _222 |
| 100 | 1 |
_aDavis, Paul K., _d1943- |
|
| 245 | 1 | 0 |
_aPortfolio-analysis methods for assessing capability options _h[electronic resource] / _cPaul K. Davis, Russell D. Shaver, Justin Beck. |
| 260 |
_aSanta Monica, CA : _bRAND Corporation, _c2008. |
||
| 300 |
_axxxviii, 163 p. : _bill. (some col.). |
||
| 504 | _aIncludes bibliographical references (p. 155-163). | ||
| 533 |
_aElectronic reproduction. _bPalo Alto, Calif. : _cebrary, _d2013. _nAvailable via World Wide Web. _nAccess may be limited to ebrary affiliated libraries. |
||
| 650 | 0 |
_aMilitary planning _zUnited States. |
|
| 650 | 0 | _aStrategy. | |
| 655 | 7 |
_aElectronic books. _2local |
|
| 700 | 1 |
_aShaver, R. D. _q(Russell D.) |
|
| 700 | 1 | _aBeck, Justin. | |
| 710 | 2 | _aebrary, Inc. | |
| 856 | 4 | 0 |
_uhttp://site.ebrary.com/lib/rucke/Doc?id=10235180 _zAn electronic book accessible through the World Wide Web; click to view |
| 999 |
_c152937 _d152937 |
||